000 01633nam a2200313 a 4500
999 _c185178
_d185178
003 BLK
005 20240405005357.0
008 180411b bul|||||r ||||||| ||bul||
010 _aKNG00194171000
040 _aBLK
041 _aBUL
_cBUL
080 _aПарламенти. Представителни органи. Правителства. Вж и 342.53
_b328
_x(497.2)
_z328(497.2)
100 _aЖивков, Тодор Христов
_d1911 - 1998
_gБългарски политик, БКП. Първи секретар и генерален секретар на ЦК на БКП, председател на Министерския съвет и председател на Държавния съвет на НРБ
_9365041
139 _aЖивков, Тодор Христов
_bЖ 48
245 1 0 _aПрограмна декларация на новоизбраното правителство на народна република България, прочетена на 27 ноември 1962 г. от председателя на Министерския съвет другаря Тодор Живков пред Народното събрание
_cТодор Христов Живков.
257 _aBGR
260 _bБКП
_c1962
_aСофия
300 _a23 с.
_c20 см
380 _a3
650 4 _aПравителства
_9167368
651 4 _aБългария
_9241624
852 _aЦб 28110
_bЦб
856 4 _qpdf
856 4 _qpdf
942 _cKNG
_n0
_s1
944 _aCR
_c21.10.2016
_k
_lCRON CRON
944 _aED
_c21.10.2016
_kПравда_Бадева
999 _d185178